Guess the aircraft. - Statistics

General Stats
  • This quiz has been taken 101 times
    91 since last reset
  • The average score is 12 of 25
Answer Stats
Picture Answer % Correct
A380
98%
747
87%
Concord
80%
A320
78%
A340
62%
787
60%
737
57%
A319
57%
757
55%
A220
55%
777
53%
B-2
53%
F-16
53%
Beluga
52%
B-52
45%
Dreamlifter
38%
A350
37%
AN-225
37%
A321
32%
Spitfire
28%
A-10
27%
AN-124
25%
ATR-72
23%
CRJ-900
18%
Gulfstream
13%
No matching quizzes found
Score Distribution
Percent of People with Each Score
Percentile by Number Answered
Your Score History
You have not taken this quiz since the last reset